01678nam a2200253 a 4500001001500000003000400015005001700019008004100036020003500077020003000112040000600142050001100148082002300159245005800182260003700240300002100277520091800298650002601216650003401242650002701276700001701303700002201320856008201342ASIN1409420191OSt20170105102910.0131025s2012 xxu eng d a1409420191 (paperback)c$39.95 a9781409420194 (paperback) aa04aPN475604a070.4492bREL 201200aReligion and the news /cJolyon Mitchell, Owen Gower. a[S.l.] :bAshgate Pub Co,c2012. a250 p. ;c24 cm. aIn "Religion and the News" journalists and religious leaders reflect on their interactions with one another and their experiences of creating news. Through a series of original contributions, leading practitioners shed light on how religious stories emerge into the public domain. Experienced journalists and religious representatives from different faith traditions critically consider their role in a rapidly evolving communicative environment. Aimed at journalists, faith representatives, religious leaders, academics and students, this book offers a timely exploration of the current state of religious news coverage and makes an original contribution to the emerging media, religion and culture literature, as well as to media and communication studies. "Religion and the News" presents insights from leading journalists and religious leaders, many well-known figures, writing openly about their experiences. 0aJournalism, Religious 0aMass media--Religious aspects 0aReligion and the press1 aGower, Owen.1 aMitchell, Jolyon.403Amazon.comuhttp://www.amazon.com/exec/obidos/ASIN/1409420191/chopaconline-20